[Event "SVK Amateur-ch 2020"]
[Site "Topolcany"]
[Date "2020.07.13"]
[Round "7.13"]
[White "Trasakova, Adela"]
[Black "Holly, Andrej"]
[Result "0-1"]
[WhiteElo "1660"]
[BlackElo "2009"]
[Annotator "ChessBase"]
[PlyCount "116"]
[EventDate "2020.07.10"]
[EventType "swiss"]
[EventCountry "SVK"]
[SourceTitle "playchess.com"]
[Source "ChessBase"]
[SourceQuality "1"]
[TimeControl "3600+30"]

1. d4 {[%emt 0:00:00]} f5 {[%emt 0:00:00]} 2. Nf3 {[%emt 0:00:00]} e6 {[%emt 0:00:00]} 3. c4 {[%emt 0:00:03]} Nf6 {[%emt 0:00:00]} 4. g3 {[%emt 0:00:22]} Be7 {[%emt 0:00:00]} 5. Bg2 {[%emt 0:00:23]} O-O {[%emt 0:00:00]} 6. O-O {[%emt 0:00:12]} d6 {[%emt 0:00:09]} 7. Nc3 {[%emt 0:01:54]} a5 {[%emt 0:00:04]} 8. Qc2 {[%emt 0:02:00]} Nc6 {[%emt 0:00:11]} 9. e4 {[%emt 0:03:08]} Nb4 {[%emt 0:00:08]} 10. Qe2 {[%emt 0:00:51]} Nxe4 {[%emt 0:00:28]} 11. Nxe4 {[%emt 0:00:37]} fxe4 {[%emt 0:00:01]} 12. Qxe4 {[%emt 0:00:16]} e5 {[%emt 0:00:21]} 13. Ne1 {[%emt 0:11:05]} exd4 {[%emt 0:06:33]} 14. Qxd4 {[%emt 0:02:20]} Bf6 {[%emt 0:00:44]} 15. Qd2 {[%emt 0:03:13]} Be6 {[%emt 0:03:30]} 16. a3 {[%emt 0:06:27]} Nc6 {[%emt 0:01:25]} 17. Bd5 {[%emt 0:01:20]} Qd7 {[%emt 0:02:38]} 18. Ng2 {[%emt 0:02:31]} Nd4 {[%emt 0:01:06]} 19. Qd3 {[%emt 0:05:07]} Bxd5 {[%emt 0:03:50]} 20. cxd5 {[%emt 0:00:09]} Rae8 {[%emt 0:03:04]} 21. Bd2 {[%emt 0:05:31]} Qg4 {[%emt 0:07:45]} 22. f3 {[%emt 0:05:31]} Ne2+ {[%emt 0:03:00]} 23. Qxe2 {[%emt 0:02:04]} Rxe2 {[%emt 0:00:01]} 24. fxg4 {[%emt 0:00:02]} Rxd2 {[%emt 0:00:02]} 25. Nf4 {[%emt 0:00:58]} c6 {[%emt 0:03:11]} 26. Rad1 {[%emt 0:01:58]} Rxb2 {[%emt 0:02:14]} 27. dxc6 {[%emt 0:00:59]} bxc6 {[%emt 0:00:02]} 28. Rxd6 {[%emt 0:00:24]} c5 {[%emt 0:01:51]} 29. Ne6 {[%emt 0:03:46]} Rc8 {[%emt 0:01:40]} 30. g5 {[%emt 0:01:08]} Be5 {[%emt 0:04:59]} 31. Rd7 {[%emt 0:02:58]} c4 {[%emt 0:00:42]} 32. Rdf7 {[%emt 0:01:05]} Rbb8 {[%emt 0:01:53]} 33. R7f5 {[%emt 0:02:29]} Bd6 {[%emt 0:00:33]} 34. Rf7 {[%emt 0:01:42]} Be5 {[%emt 0:00:20]} 35. R7f5 {[%emt 0:00:05]} Bb2 {[%emt 0:01:19]} 36. Rf7 {[%emt 0:00:50]} Re8 {[%emt 0:00:40]} 37. Nc7 {[%emt 0:01:07]} Rf8 {[%emt 0:00:18]} 38. Rxf8+ {[%emt 0:00:57]} Rxf8 {[%emt 0:00:23]} 39. Rxf8+ {[%emt 0:00:02]} Kxf8 {[%emt 0:00:14]} 40. Nb5 {[%emt 0:00:31]} c3 {[%emt 0:00:26]} 41. Nd4 {[%emt 0:00:24]} Bxa3 {[%emt 0:00:08]} 42. Kf1 {[%emt 0:01:07]} Bb2 {[%emt 0:00:21]} 43. Ke2 {[%emt 0:00:31]} a4 {[%emt 0:00:12]} 44. Nc2 {[%emt 0:01:01]} a3 {[%emt 0:00:54]} 45. Nb4 {[%emt 0:00:19]} c2 {[%emt 0:00:46]} 46. Nxc2 {[%emt 0:00:05]} a2 {[%emt 0:00:04]} 47. Kf3 {[%emt 0:02:09]} a1=Q {[%emt 0:00:06]} 48. Nxa1 {[%emt 0:00:06]} Bxa1 {[%emt 0:00:04]} 49. Kg4 {[%emt 0:00:34]} g6 {[%emt 0:00:51]} 50. h4 {[%emt 0:00:41]} Ke7 {[%emt 0:00:06]} 51. h5 {[%emt 0:00:54]} Ke6 {[%emt 0:00:02]} 52. Kh3 {[%emt 0:01:09]} Kf5 {[%emt 0:00:04]} 53. Kh4 {[%emt 0:00:10]} Bb2 {[%emt 0:00:13]} 54. g4+ {[%emt 0:00:28]} Kf4 {[%emt 0:00:01]} 55. Kh3 {[%emt 0:00:16]} Kxg5 {[%emt 0:00:02]} 56. Kg3 {[%emt 0:00:28]} Be5+ {[%emt 0:00:02]} 57. Kh3 {[%emt 0:00:16]} Bd6 {[%emt 0:00:01]} 58. h6 {[%emt 0:00:29]} Bc7 {[%emt 0:00:10]} 0-1

[Event "SVK Amateur-ch 2020"]
[Site "Topolcany"]
[Date "2020.07.13"]
[Round "7.14"]
[White "Frink, Ferenc"]
[Black "Macko, Michal"]
[Result "1/2-1/2"]
[WhiteElo "2075"]
[BlackElo "2148"]
[Annotator "TA"]
[PlyCount "62"]
[EventDate "2020.07.10"]
[EventType "swiss"]
[EventCountry "SVK"]
[SourceTitle "playchess.com"]
[Source "ChessBase"]
[SourceQuality "1"]

{[%evp 9,62,-56,-58,-54,-50,-78,-83,-83,-74,-82,-76,-85,-78,-81,-80,-81,-83,-116,-120,-116,-110,-110,-83,-104,-70,-134,-121,-143,-66,-103,-89,-89,-74,-104,-82,-104,-74,-166,-169,-176,-178,-177,-170,-164,-195,-177,-173,-195,-185,-193,-189,-238,0,-34,0]} 1. e4 c5 2. b4 cxb4 3. a3 d5 4. e5 Nc6 5. d4 Qb6 6. Be3 {B20: Sicilian: Unusual White 2nd moves.} Bf5 7. Bd3 {[#]} Bxd3 $1 8. Qxd3 {Black is better.} e6 9. Ne2 Nge7 10. O-O Nf5 11. axb4 Nxb4 12. Qd2 Be7 13. c3 Nc6 14. Qd3 O-O 15. Nd2 {[#]} Qd8 $146 ({Predecessor:} 15... Qc7 16. g4 Nxe3 17. Qxe3 Rae8 18. f4 f6 19. Nf3 fxe5 20. fxe5 Na5 21. Nf4 Bd8 {0-1 (50) Kuespert,H (1933)-Lorenz,M (2212) Schney 2016}) 16. h3 b6 17. g4 (17. Bf4 $15) 17... Nxe3 $17 18. Qxe3 Na5 (18... b5 $17 19. Ra6 Qc8) 19. Qd3 Rc8 20. f4 f5 21. Rf3 g6 22. Kh2 Kh8 23. h4 (23. g5 $17) 23... fxg4 $19 24. Rg3 Rf5 25. Rxg4 Rh5 26. Nf3 Bxh4 27. Kg2 Be7 28. Ng3 Rh6 29. Ng5 {[#] Strongly threatening Nf7+.} Qg8 30. Nf3 {intending f5!} Qd8 $2 ({Black should play} 30... Qe8 $19 31. Ng5 Bd8) 31. Ng5 $15 {Hoping for Nf7+.} Qg8 {Accuracy: White = 65%, Black = 68%.} 1/2-1/2

[Event "SVK Amateur-ch 2020"]
[Site "Topolcany"]
[Date "2020.07.13"]
[Round "7.15"]
[White "Pejko, Otomar"]
[Black "Meers, Hubert"]
[Result "1/2-1/2"]
[WhiteElo "2138"]
[BlackElo "2037"]
[Annotator "TA"]
[PlyCount "73"]
[EventDate "2020.07.10"]
[EventType "swiss"]
[EventCountry "SVK"]
[SourceTitle "playchess.com"]
[Source "ChessBase"]
[SourceQuality "1"]

{[%evp 9,73,29,43,20,18,20,20,8,17,-4,-6,-29,-24,-83,-87,-114,-114,-114,-114,-114,-114,-114,-114,-114,-114,-110,-81,-115,-128,-122,-120,-130,-86,-86,-94,-95,-93,-88,-56,-63,-47,-97,-85,-101,-69,-76,-70,-104,-37,-57,-10,-8,-8,-15,0,-25,-20,-29,0,-30,0,-19,0,-16,0,-18]} 1. e4 c6 2. d4 d5 3. e5 g6 4. Be3 Bg7 5. Qd2 c5 6. c3 {B12: Caro-Kann: Advance Variation.} Nc6 {[#]} 7. Be2 $146 ({Predecessor:} 7. h3 h5 8. Nf3 Bf5 9. Be2 Bxb1 10. Rxb1 e6 11. O-O Nge7 12. Bg5 Rc8 13. b4 cxb4 14. cxb4 {1-0 (27) Udeshi,A (2336)-Anwesh,U (2420) Puri 2010}) 7... h5 8. Nf3 Bg4 9. dxc5 e6 10. Bd4 Bxf3 11. gxf3 (11. Bxf3 $11 {keeps the balance.} Bxe5 12. Na3) 11... Bxe5 $17 12. f4 Bxd4 13. cxd4 Qf6 14. Bb5 Nge7 15. Nc3 O-O 16. Ne2 Nf5 {[%cal Rf5d4]} 17. Rd1 Nh4 18. Kf1 a5 19. Qe3 Nf5 20. Qc3 Kg7 21. Rg1 Rh8 22. Rg5 h4 23. h3 Qd8 24. Ba4 Qc7 25. Kg1 Nce7 {[%cal Bc6e7,Be7g8,Bg8f6][%mdl 32]} 26. a3 Ng8 27. Bc2 Nf6 28. Bb1 Rac8 (28... a4 $17) 29. Rc1 Rh5 (29... Rhd8 {seems wilder.} 30. Rg2 b6 31. b3 Kg8 32. b4 axb4 33. axb4 Ra8) 30. Rxh5 Nxh5 31. Qf3 Nf6 32. Kh1 Qc6 33. Qc3 Qc7 34. Qf3 Qc6 35. Qc3 {The position is equal.} Qc7 36. Qf3 Qc6 37. Qc3 {Accuracy: White = 81%, Black = 79%.} 1/2-1/2

[Event "SVK Amateur-ch 2020"]
[Site "Topolcany"]
[Date "2020.07.13"]
[Round "7.15"]
[White "Alexandrova, Angelina"]
[Black "Skrinar, Marek"]
[Result "1-0"]
[WhiteElo "1839"]
[BlackElo "1654"]
[Annotator "NA"]
[PlyCount "97"]
[EventDate "2020.07.10"]
[EventType "swiss"]
[EventCountry "SVK"]
[SourceTitle "playchess.com"]
[Source "ChessBase"]
[SourceQuality "1"]
[TimeControl "3600+30"]

1. Nf3 {[%emt 0:00:00]} Nf6 {[%emt 0:00:00]} 2. g3 {[%emt 0:00:00]} d5 {[%emt 0:00:20]} 3. d4 {[%emt 0:00:00]} g6 {[%emt 0:00:07]} 4. Bg2 {[%emt 0:00:00]} Bg7 {[%emt 0:00:09]} 5. c4 {[%emt 0:00:16]} c6 {[%emt 0:00:06]} 6. O-O {[%emt 0:00:16]} O-O {[%emt 0:00:13]} 7. Nbd2 {[%emt 0:00:26]} Bf5 {[%emt 0:01:18] 7...a5 gains popularity.} 8. b3 {[%emt 0:00:41]} Nbd7 {[%emt 0:01:33]} 9. Nh4 {[%emt 0:01:42] D78: Fianchetto Grünfeld: 6 0-0 c6.} Be6 {[%emt 0:00:21] [#]} 10. c5 $146 {[%emt 0:01:20]} ({Predecessor:} 10. e3 c5 11. Nhf3 h6 12. Bb2 Ne4 13. Qe2 Nxd2 14. Nxd2 dxc4 15. Nxc4 cxd4 16. Bxd4 Bxd4 17. exd4 Bxc4 18. bxc4 {1-0 (56) Ganguly,S (2622)-Harsha,B (2492) Douglas 2018}) 10... Re8 {[%emt 0:00:58]} ({Black should try} 10... Ne8 $17 11. Bb2 Nxc5 {[%mdl 64] Pin}) 11. f4 {[%emt 0:00:37]} Nf8 {[%emt 0:02:37]} 12. f5 {[%emt 0:02:03]} Bd7 {[%emt 0:00:14]} 13. e3 {[%emt 0:02:39]} e6 {[%emt 0:00:26]} 14. fxg6 {[%emt 0:01:29]} Nxg6 {[%emt 0:00:40]} 15. Nxg6 {[%emt 0:00:55]} fxg6 {[%emt 0:01:00]} 16. Nf3 {[%emt 0:05:22]} Rf8 {[%emt 0:06:52]} 17. Ne5 {[%emt 0:00:31]} Qc7 {[%emt 0:01:48]} 18. Bb2 {[%emt 0:05:32]} Be8 {[%emt 0:03:04]} 19. Qc2 {[%emt 0:05:12]} Bf7 {[%emt 0:02:48]} 20. Bh3 {[%emt 0:06:06]} Rae8 {[%emt 0:01:33]} 21. b4 {[%emt 0:02:36]} Nd7 {[%emt 0:01:28]} 22. Nxf7 {[%emt 0:02:36]} Rxf7 {[%emt 0:00:16]} 23. Rxf7 {[%emt 0:00:06]} Kxf7 {[%emt 0:00:06]} 24. Rf1+ {[%emt 0:00:35]} Kg8 {[%emt 0:00:39]} 25. Qf2 {[%emt 0:01:11]} (25. e4 $16) 25... Nf6 {[%emt 0:01:13]} 26. a4 {[%emt 0:02:23]} Ne4 {[%emt 0:01:46]} 27. Qc2 {[%emt 0:05:18]} Nxg3 {[%emt 0:02:22]} 28. hxg3 {[%emt 0:02:54]} Qxg3+ {[%emt 0:00:12]} 29. Bg2 {[%emt 0:00:12]} Qxe3+ {[%emt 0:00:14]} 30. Qf2 {[%emt 0:00:34]} Qxf2+ {[%emt 0:00:57]} 31. Rxf2 {[%emt 0:04:55]} e5 {[%emt 0:01:18]} 32. Re2 {[%emt 0:00:07]} e4 {[%emt 0:00:26]} 33. b5 {[%emt 0:00:23]} Bh6 {[%emt 0:02:45]} 34. Bh3 {[%emt 0:01:48]} Re7 {[%emt 0:00:24]} 35. Bc3 {[%emt 0:00:31]} Bf4 {[%emt 0:11:09]} 36. Ba5 {[%emt 0:02:27]} ({White should play} 36. Rb2 $16) 36... Bc7 $2 {[%emt 0:01:04]} (36... g5 $16) 37. Bxc7 {[%emt 0:01:45]} Rxc7 {[%emt 0:00:19]} 38. b6 {[%emt 0:00:34]} axb6 {[%emt 0:00:06]} 39. cxb6 {[%emt 0:00:05]} Re7 $18 {[%emt 0:00:46]} 40. Bc8 {[%emt 0:01:38]} Re8 {[%emt 0:02:41]} 41. Bxb7 {[%emt 0:00:15]} Rb8 {[%emt 0:00:07]} 42. Bxc6 {[%emt 0:00:15]} Rxb6 {[%emt 0:00:09]} 43. Bxd5+ {[%emt 0:00:28]} Kg7 {[%emt 0:00:09]} 44. Rxe4 {[%emt 0:00:23]} Rb1+ {[%emt 0:00:39]} 45. Kf2 {[%emt 0:02:21]} Kf6 {[%emt 0:00:24]} 46. Re6+ {[%emt 0:02:58]} Kg5 {[%emt 0:00:20]} 47. Bc6 {[%emt 0:01:36]} Rb2+ {[%emt 0:00:17]} 48. Re2 {[%emt 0:00:14]} Rb4 {[%emt 0:00:24]} 49. d5 {[%emt 0:01:32]} 1-0

[Event "SVK Amateur-ch 2020"]
[Site "Topolcany"]
[Date "2020.07.13"]
[Round "7.16"]
[White "Zetocha, Adrian"]
[Black "Bielik, Miroslav"]
[Result "1-0"]
[WhiteElo "2041"]
[BlackElo "2133"]
[Annotator "TA"]
[PlyCount "75"]
[EventDate "2020.07.10"]
[EventType "swiss"]
[EventCountry "SVK"]
[SourceTitle "playchess.com"]
[Source "ChessBase"]
[SourceQuality "1"]

{[%evp 12,75,33,30,34,37,48,43,60,58,60,58,64,54,47,36,35,57,109,38,24,-1,11,10,12,7,16,8,2,0,0,0,0,0,11,0,19,27,31,5,18,0,95,83,85,80,82,100,102,97,96,76,92,92,291,157,497,489,482,482,1454,1445,29990,29991,29991,29992]} 1. d4 d5 2. c4 e6 3. Nc3 c6 4. e3 Nf6 5. Nf3 Nbd7 6. Qc2 a6 7. b3 Bb4 {D45: Semi-Slav: 5 e3.} 8. Bb2 Ne4 9. a3 Ba5 {[#] White is slightly better.} 10. Bd3 $146 ({Predecessor:} 10. b4 Nxc3 11. Bxc3 Bc7 12. c5 O-O 13. Bd3 Nf6 14. O-O b5 15. cxb6 Bxb6 16. Ne5 {1-0 (25) Bilsel,S (2061)-Kasperski,M (1582) LSS email 2009}) 10... f5 11. O-O Bc7 12. Rfc1 (12. Rac1 {looks sharper.} Bd6 13. Na4 O-O 14. Ne5 Qg5 15. Rfe1) 12... Bd6 13. Ne5 (13. Na4 {is interesting.} O-O 14. c5 Bc7 15. Ne5 Ng5 16. f3) 13... Nxe5 14. dxe5 Bb8 (14... Bxe5 $14 15. Nxe4 Bxb2 16. Qxb2 fxe4) 15. f4 ({Don't play} 15. Nxe4 $6 fxe4 16. Be2 Qg5 $11) ({Better is} 15. Na4 $16) 15... Ba7 $14 16. Nd1 O-O 17. Bxe4 fxe4 18. c5 Bd7 19. Bd4 Qh4 {[%cal Rh4e1]} 20. Qf2 (20. Qd2 {keeps more tension.} g5 21. g3 Qh5 22. Qg2 Qg6 23. Nc3) 20... Qxf2+ 21. Kxf2 g5 22. g3 Be8 23. h3 gxf4 24. exf4 Bh5 25. Ke3 Bf3 26. Nc3 Bg2 (26... Rf7 $11 {keeps the balance.}) 27. Rg1 $16 Bxh3 28. g4 {[#] And now Rg3 would win.} h5 $1 {[%mdl 512]} 29. gxh5+ Kh7 30. Rg5 Rg8 31. Rag1 $36 {[%mdl 2048] White is in control.} Raf8 32. R1g3 Bf1 $2 {[#]} (32... Bf5 $16) 33. Nd1 $1 $18 Bb8 $2 {Loses the game.} (33... Rxg5 $16 {is tougher.} 34. fxg5 Kg7) 34. Nf2 Rxg5 35. fxg5 Rf5 (35... Rf3+ $142 36. Rxf3 exf3) 36. g6+ Kh8 37. g7+ Kg8 38. h6 {Accuracy: White = 88%, Black = 64%.} 1-0

[Event "SVK Amateur-ch 2020"]
[Site "Topolcany"]
[Date "2020.07.13"]
[Round "7.16"]
[White "Verbytskiy, Patrik"]
[Black "Galdik, Stefan"]
[Result "1-0"]
[WhiteElo "1824"]
[BlackElo "1583"]
[Annotator "NA"]
[PlyCount "65"]
[EventDate "2020.07.10"]
[EventType "swiss"]
[EventCountry "SVK"]
[SourceTitle "playchess.com"]
[Source "ChessBase"]
[SourceQuality "1"]
[TimeControl "3600+30"]

1. e4 {[%emt 0:00:00]} c5 {[%emt 0:00:00]} 2. Nf3 {[%emt 0:00:00]} Nc6 {[%emt 0:00:03]} 3. Bb5 {[%emt 0:00:00]} Qc7 {[%emt 0:00:02]} 4. Nc3 {[%emt 0:00:00]} e6 {[%emt 0:00:27]} 5. d4 {[%emt 0:00:04]} cxd4 {[%emt 0:00:36]} 6. Nxd4 {[%emt 0:00:05] B30: Sicilian: 2...Nc6 3 Bb5, lines without ...g6.} a6 {[%emt 0:00:10]} 7. Bxc6 {[%emt 0:00:08]} bxc6 {[%emt 0:01:07]} 8. O-O {[%emt 0:00:24]} Nf6 {[%emt 0:01:32] [#]} 9. Be3 $146 {[%emt 0:00:56]} ({Predecessor:} 9. Re1 d5 10. exd5 cxd5 11. Nf3 Be7 12. g3 O-O 13. Bf4 Qb6 14. Rb1 Bb7 15. Ne5 {0-1 (37) Gomes,J (1889)-Dias,I (2158) Lisbon 2018}) 9... c5 {[%emt 0:02:32]} 10. Nde2 {[%emt 0:00:25]} Bb7 {[%emt 0:00:16]} 11. f3 {[%emt 0:00:20]} Be7 {[%emt 0:01:01]} 12. Kh1 {[%emt 0:01:10]} O-O {[%emt 0:00:12]} 13. Qd2 {[%emt 0:01:19]} d6 {[%emt 0:01:30]} 14. Rad1 {[%emt 0:00:14]} Rad8 {[%emt 0:00:28]} 15. Qe1 {[%emt 0:01:10]} (15. b3 $15) 15... d5 {[%emt 0:00:25]} 16. exd5 {[%emt 0:00:08]} exd5 {[%emt 0:00:30]} 17. Bf4 $11 {[%emt 0:00:31]} Bd6 {[%emt 0:00:29]} (17... Qc6 18. Ng3) 18. Bg5 {[%emt 0:03:23]} Be7 {[%emt 0:00:20]} 19. Ng3 {[%emt 0:02:12]} Rfe8 {[%emt 0:01:28]} 20. Nf5 {[%emt 0:03:44] [#]} Bd6 $18 {[%emt 0:04:27]} (20... h6 $1 $17 {[%cal Rh6g5]} 21. Bh4 Bf8) 21. Qh4 {[%emt 0:00:24]} Be7 {[%emt 0:08:54]} 22. Nxg7 {[%emt 0:00:29]} Kxg7 {[%emt 0:00:30]} 23. Qh6+ {[%emt 0:01:58]} Kg8 {[%emt 0:01:09]} 24. Bxf6 {[%emt 0:00:03]} Bxf6 {[%emt 0:00:08]} 25. Qxf6 {[%emt 0:00:04]} Qd6 {[%emt 0:07:32]} 26. Ne4 {[%emt 0:00:22]} Qc7 {[%emt 0:04:17]} 27. Qg5+ {[%emt 0:01:07]} Kh8 {[%emt 0:00:30]} 28. Nf6 {[%emt 0:00:30]} Qe5 {[%emt 0:00:31]} 29. Qh6 {[%emt 0:01:03]} Qf5 {[%emt 0:00:30]} 30. Nxe8 {[%emt 0:00:30]} Rxe8 {[%emt 0:00:01]} 31. Rfe1 {[%emt 0:00:19]} Rg8 {[%emt 0:00:42]} 32. Qd6 {[%emt 0:02:33]} Qxc2 {[%emt 0:03:55]} 33. Qf6+ {[%emt 0:00:04]} 1-0

[Event "SVK Amateur-ch 2020"]
[Site "Topolcany"]
[Date "2020.07.13"]
[Round "7.17"]
[White "Tropp, Frantisek"]
[Black "Strachan, Jan"]
[Result "1/2-1/2"]
[WhiteElo "2040"]
[BlackElo "2130"]
[Annotator "RC"]
[PlyCount "23"]
[EventDate "2020.07.10"]
[EventType "swiss"]
[EventCountry "SVK"]
[SourceTitle "playchess.com"]
[Source "ChessBase"]
[SourceQuality "1"]
[TimeControl "3600+30"]

1. e4 {[%emt 0:00:00]} d6 {[%emt 0:00:00]} 2. d4 {[%emt 0:00:00]} Nf6 {[%emt 0:00:00]} 3. Bd3 {[%emt 0:00:00]} g6 {[%emt 0:00:10]} 4. Nf3 {[%emt 0:00:57]} Bg7 {[%emt 0:00:13]} 5. h3 {[%emt 0:00:19]} O-O {[%emt 0:00:10]} 6. O-O {[%emt 0:00:06]} Nc6 {[%emt 0:00:24]} 7. c3 {[%emt 0:00:23]} e5 {[%emt 0:00:29]} 8. dxe5 {[%emt 0:01:14]} Nxe5 {[%emt 0:01:10]} 9. Nxe5 {[%emt 0:00:22]} dxe5 {[%emt 0:00:11]} 10. Qe2 {[%emt 0:00:19]} Be6 {[%emt 0:01:23]} 11. Na3 {[%emt 0:00:18]} c6 {[%emt 0:01:51]} 12. Bg5 {[%emt 0:00:34]} 1/2-1/2

[Event "SVK Amateur-ch 2020"]
[Site "Topolcany"]
[Date "2020.07.13"]
[Round "7.17"]
[White "Kapec, Kristian"]
[Black "Janik, Marek Tobias"]
[Result "1/2-1/2"]
[WhiteElo "1803"]
[BlackElo "1549"]
[Annotator "NA"]
[PlyCount "27"]
[EventDate "2020.07.10"]
[EventType "swiss"]
[EventCountry "SVK"]
[SourceTitle "playchess.com"]
[Source "ChessBase"]
[SourceQuality "1"]
[TimeControl "3600+30"]

1. e4 {[%emt 0:00:00]} c5 {[%emt 0:00:00]} 2. d4 {[%emt 0:00:09]} cxd4 {[%emt 0:00:00]} 3. c3 {[%emt 0:00:00]} dxc3 {[%emt 0:00:00]} 4. Nxc3 {[%emt 0:00:00]} Nc6 {[%emt 0:00:00]} 5. Nf3 {[%emt 0:00:00]} e5 {[%emt 0:00:17]} 6. Bc4 {[%emt 0:00:00]} h6 {[%emt 0:00:39]} 7. Qe2 {[%emt 0:00:47]} Nf6 {[%emt 0:00:11]} 8. O-O {[%emt 0:00:05]} Be7 {[%emt 0:00:04]} 9. Rd1 {[%emt 0:00:10]} O-O {[%emt 0:01:14]} 10. Be3 {[%emt 0:01:07]} d6 {[%emt 0:00:36]} 11. a4 {[%emt 0:04:32]} Bg4 {[%emt 0:02:42]} 12. h3 {[%emt 0:00:48]} Bh5 {[%emt 0:00:28]} 13. Rd2 {[%emt 0:01:16]} Nd4 {[%emt 0:06:11]} 14. Bxd4 {[%emt 0:00:37]} 1/2-1/2

[Event "SVK Amateur-ch 2020"]
[Site "Topolcany"]
[Date "2020.07.13"]
[Round "7.18"]
[White "Skreno, Vladimir"]
[Black "Kucera, Michal"]
[Result "0-1"]
[WhiteElo "2126"]
[BlackElo "1991"]
[Annotator "ChessBase"]
[PlyCount "64"]
[EventDate "2020.07.10"]
[EventType "swiss"]
[EventCountry "SVK"]
[SourceTitle "playchess.com"]
[Source "ChessBase"]
[SourceQuality "1"]
[TimeControl "3600+30"]

1. d4 {[%emt 0:00:00]} Nf6 {[%emt 0:00:00]} 2. Nf3 {[%emt 0:00:00]} e6 {[%emt 0:00:00]} 3. Bg5 {[%emt 0:00:00]} h6 {[%emt 0:00:33]} 4. Bh4 {[%emt 0:00:25]} d5 {[%emt 0:00:41]} 5. e3 {[%emt 0:00:15]} Be7 {[%emt 0:00:16]} 6. c4 {[%emt 0:00:29]} b6 {[%emt 0:01:37]} 7. Nc3 {[%emt 0:06:40]} O-O {[%emt 0:00:49]} 8. cxd5 {[%emt 0:06:15]} exd5 {[%emt 0:00:48]} 9. Rc1 {[%emt 0:03:30]} Bb7 {[%emt 0:06:37]} 10. Bxf6 {[%emt 0:03:31]} Bxf6 {[%emt 0:04:11]} 11. b4 {[%emt 0:00:16]} c5 {[%emt 0:11:29]} 12. bxc5 {[%emt 0:01:13]} bxc5 {[%emt 0:00:06]} 13. Qb3 {[%emt 0:01:04]} Bc6 {[%emt 0:01:06]} 14. Be2 {[%emt 0:06:17]} c4 {[%emt 0:01:15]} 15. Qc2 {[%emt 0:00:30]} Nd7 {[%emt 0:01:59]} 16. O-O {[%emt 0:00:19]} Qc7 {[%emt 0:00:36]} 17. Rfd1 {[%emt 0:11:30]} Rfe8 {[%emt 0:08:14]} 18. Bf1 {[%emt 0:00:06]} Nb6 {[%emt 0:00:26]} 19. g3 {[%emt 0:02:12]} Rab8 {[%emt 0:01:50]} 20. Bg2 {[%emt 0:01:04]} Qd7 {[%emt 0:00:36]} 21. Rb1 {[%emt 0:04:40]} Na4 {[%emt 0:01:00]} 22. Nd2 {[%emt 0:01:15]} Nxc3 {[%emt 0:03:01]} 23. Qxc3 {[%emt 0:00:02]} Rb6 {[%emt 0:00:15]} 24. Rbc1 {[%emt 0:05:42]} Ba4 {[%emt 0:02:17]} 25. Re1 {[%emt 0:01:17]} Reb8 {[%emt 0:02:50]} 26. e4 {[%emt 0:03:58]} Be7 {[%emt 0:02:09]} 27. a3 {[%emt 0:01:25]} dxe4 {[%emt 0:04:53]} 28. Nxe4 {[%emt 0:00:22]} Rc8 {[%emt 0:03:19]} 29. Qa5 {[%emt 0:04:33]} Rb2 {[%emt 0:04:13]} 30. Red1 {[%emt 0:03:07]} Bxd1 {[%emt 0:00:21]} 31. Rxd1 {[%emt 0:00:11]} Rcb8 {[%emt 0:01:15]} 32. Nd2 {[%emt 0:00:53]} Qxd4 {[%emt 0:01:13]} 0-1